000 01117nam a2200277 a 4500
001 BRL_1414
005 20190320211207.0
008 130114s1938----mx-abo####---#000-0#spa-#
041 _aspa
044 _amx
050 4 _aF1376
_b.L36 1938
100 1 _aLanda, Diego de,
_d1524-1579
_926826
245 1 0 _aRelación de las cosas de Yucatán
_cpor el P. Fray Diego de Landa ; introducción y notas por Héctor Pérez Martínez, con apéndice en el cual se publican por primera vez varios documentos importantes y cartas del autor.
250 _a7a ed.
260 _aMéxico
_bPedro Robredo
_c1938
300 _a411 p.
_bil., láminas, mapas
_c24 cm.
500 _aAu1685
500 _aIncluye índice de las voces mayas empleadas en el texto de Landa y en las notas, índice de nombres propios e índice de materias.
500 _aEstado físico: Lomo desprendido y desgarrado.
650 1 4 _aMayas
_xAntigüedades
_99555
651 4 _aYucatán (Estado)
_xHistoria
_926827
651 4 _aYucatán (Estado)
_xAntigüedades
_926828
700 1 _aPérez Martínez, Héctor
_926829
902 _aGRL
942 _2lcc
_cB
999 _c10224
_d10224